000 00470nam a2200181Ia 4500
008 090124s9999 xx 000 0 und d
082 _b14910
_a3755
100 _aखोत शकंुतला
245 _a मोतिया
250 _a1
260 _c1965
300 _a133
600 _aखोत शकंुतला
630 _a मोतिया
700 _aखोत शकंुतला
730 _a मोतिया
942 _cBOOK
999 _c128850
_d128850